Medzinárodná vedecká konferencia "Bratislavské právnické fórum 2013"

Informácia o zámeroch a cieľoch vedeckej konferencie, ktorá sa konala 10. a 11. októbra 2013 v Bratislave.

Salvato in:
Dettagli Bibliografici
Autore principale: Veselková, Alexandra
Natura: Capitolo di libro
Lingua:slovacco
Soggetti:
Tags: Aggiungi Tag
Nessun Tag, puoi essere il primo ad aggiungerne!!

MARC

LEADER 00000naa a2200000 4500
001 0180524
005 20240502073058.5
041 0 |a slo 
044 |a SK 
245 1 0 |a Medzinárodná vedecká konferencia "Bratislavské právnické fórum 2013"  |c Alexandra Veselková 
520 |a Informácia o zámeroch a cieľoch vedeckej konferencie, ktorá sa konala 10. a 11. októbra 2013 v Bratislave. 
610 2 0 |a konferencie 
610 2 0 |a právo 
610 2 0 |a veda ekonomická 
100 1 |a Veselková, Alexandra